000 00609nam a2200205 i 4500
001 23407
003 ES-MaACL
005 20250829122928.0
007 t|
008 021210s1963 sp ||||1| spa d
100 1 _aÁlvarez-Gendín, Sabino,
_d1895-1983
_920820
245 1 3 _aLa didáctica según Jovellanos /
_cSabino Alvarez-Gendín.
260 _a[Madrid :
_bs.n.,
_c1963] (
_fGráfs. Urpe)
300 _a20 p. ;
_c22 cm.
650 7 _aDidáctica
_2embne
_911880
852 4 _aES-MaACL
_j2035-F-23
852 4 _aES-MaACL
_j2040-F-15
852 4 _aES-MaACL
_j2040-F-16
999 _c23407
_d23407